Introducción al trabajo social / (Record no. 67462)

MARC details
000 -LEADER
campo de control de longitud fija 00763nam a2200241 i 4500
001 - NÚMERO DE CONTROL
campo de control 67462
003 - IDENTIFICADOR DE NÚMERO DE CONTROL
campo de control ES-MaACL
005 - FECHA Y HORA DE LA ÚLTIMA TRANSACCIÓN
campo de control 20250826072530.0
007 - CAMPO FIJO DE DESCRIPCIÓN FÍSICA--INFORMACIÓN GENERAL
campo de control de longitud fija t|
008 - DATOS DE LONGITUD FIJA--INFORMACIÓN GENERAL
campo de control de longitud fija 040527s2003 sp ||||1| spa d
020 ## - NÚMERO INTERNACIONAL ESTÁNDAR DEL LIBRO
Número Internacional Estándar del Libro 84-206-4321-1
080 ## - NÚMERO DE LA CLASIFICACIÓN DECIMAL UNIVERSAL
Número de la Clasificación Decimal Universal 364.4
245 00 - MENCIÓN DEL TÍTULO
Título Introducción al trabajo social /
Mención de responsabilidad, etc. Tomás Fernández García, Carmen Alemán Bracho (coords.).
260 ## - PUBLICACIÓN, DISTRIBUCIÓN, ETC.
Lugar de publicación, distribución, etc. Madrid :
Nombre del editor, distribuidor, etc. Alianza Editorial,
Fecha de publicación, distribución, etc. [2003]
300 ## - DESCRIPCIÓN FÍSICA
Extensión 596 p. ;
Dimensiones 24 cm.
490 1# - MENCIÓN DE SERIE
Mención de serie Manuales/Ciencias sociales ;
Designación de volumen o secuencia 87
650 17 - PUNTO DE ACCESO ADICIONAL DE MATERIA--TÉRMINO DE MATERIA
Término de materia o nombre geográfico como elemento de entrada Trabajo social
Fuente del encabezamiento o término embne
9 (RLIN) 17602
700 1# - ENTRADA AGREGADA--NOMBRE PERSONAL
Nombre de persona Fernández García, Tomás.
9 (RLIN) 49814
700 1# - ENTRADA AGREGADA--NOMBRE PERSONAL
Nombre de persona Alemán Bracho, Carmen.
9 (RLIN) 19719
830 0# - PUNTO DE ACCESO ADICIONAL DE SERIE-TÍTULO UNIFORME
Título uniforme Manuales/Ciencias sociales ;
Designación de volumen o secuencia 87
9 (RLIN) 228705
852 ## - LOCALIZACIÓN
Ubicación ES-MaACL
Número de control de estantería L-27640
Holdings
Estatus retirado Estado de pérdida Estado de daño No para préstamo Biblioteca de origen Biblioteca actual Ubicación en estantería Fecha de adquisición Fuente de adquisición Total de préstamos Signatura topográfica completa Código de barras Visto por última vez Precio de reemplazo Tipo de ítem Koha
        Biblioteca del Ateneo de Madrid Biblioteca del Ateneo de Madrid Depósito 2 17/01/2008     L-27640 1070643 23/02/2023 23/02/2023 Libro impreso